000 00542nam a2200157 i 4500
001 146665
003 ES-MaACL
007 t|
008 070914s1972 sp ||||1| spa d
100 1 _aTraynham, James G.
_9111263
245 1 0 _aNomenclatura de compuestos orgánicos
_b: una introducción programada /
_cJames G. Traynham ; traducción y adaptación de Emilio Yunis.
260 _aMadrid, etc. :
_bPrentice-Hall,
_c[1972]
300 _aXVIII, 129 p. ;
_c24 cm.
700 1 _aYunis, Emilio.
_9117746
852 _aES-MaACL
_jE-7512
_bR.91806
999 _c146665
_d146665